| 000 | 00942nam a2200265Ia 4500 | ||
|---|---|---|---|
| 003 | OSt | ||
| 005 | 20221005110348.0 | ||
| 006 | a|||||r|||| 00| 0 | ||
| 007 | ta | ||
| 008 | 221004b |||||||| |||| 00| 0 hin d | ||
| 020 |
_a9789383233304 (hbk) _cIndian Rupees 980 |
||
| 024 | _a28411 | ||
| 037 |
_bGift, 09/02/2017, _cTextual |
||
| 040 |
_aCRL _cCRL _bhin |
||
| 041 |
_2hin _ahin |
||
| 082 | _aO152,6N165x, Q4 | ||
| 100 | _aश्रोत्रिय, प्रभाकर, ले. | ||
| 245 | 0 | _aइस जनतंत्र में | |
| 246 | _aIs janatantra mean | ||
| 260 |
_aनई दिल्ली _bकिताबघर प्रकाशन भारत _c2014 |
||
| 300 |
_a624पृ0 _ccm. |
||
| 650 | _aहिन्दी निबंध | ||
| 942 |
_hO152,6N165x, Q4 _cTEXL _2cc |
||
| 999 |
_c1018585 _d1018585 |
||